Largest Cities in Scotland - Statistics

General Stats
  • This quiz has been taken 103 times
  • The average score is 5 of 7
Answer Stats
Answer % Correct
Edinburgh
100%
Glasgow
100%
Aberdeen
95%
Inverness
84%
Dundee
81%
Paisley
19%
East Kilbride
14%
No matching quizzes found
Score Distribution
Percent of People with Each Score
Percentile by Number Answered
Your Score History
You have not taken this quiz